Directing the documentary

Αποθηκεύτηκε σε:
Λεπτομέρειες βιβλιογραφικής εγγραφής
Κύριος συγγραφέας: Rabiger, Michael
Μορφή: Βιβλίο
Γλώσσα:English
Δημοσίευση: Amsterdam : Focal Press, 2004
Έκδοση:4th ed.
Θέματα:
Ετικέτες: Προσθήκη ετικέτας
Δεν υπάρχουν, Καταχωρήστε ετικέτα πρώτοι!

MARC

LEADER 00000nam a2200000 i 4500
001 1/73253
008 050311s2004 eng d
020 |a 0-24-080608-5 
035 |l 10077046 
040 |a GR-MY-UA  |b gre  |e aacr 
041 0 |a eng 
082 0 |a 791.450233  |2 (21) 
100 1 |a Rabiger, Michael. 
245 1 0 |a Directing the documentary /  |c Michael Rabiger 
250 |a 4th ed. 
260 |a Amsterdam :   |b Focal Press,   |c 2004 
300 |a xiii, 627 σ.;  |c 25 εκ. 
504 |a Περιέχει βιβλιογραφικές παραπομπές και ευρετήριο 
650 0 0 |a Documentary films  |x Production and direction. 
852 |a INST  |b LESVOS  |e 20050311  |h 791.450233 RAB  |p 005100030091  |q 005100030091  |t BK  |y 0 
901 |a BIBL1-2005-1 
909 |a Λ  |b 113702 
920 |a ΔΙΕΥΡΥΝΣΗ  |b ΕΠΕΑΕΚ-ΠΤΕ  |y ΛΕΣΒΟΣ  |z 2004-10 
970 |a ΜΑΡΙΝΑΤΟΥ  |b ΜΥΡΣΙΝΗ  |z 2005/03/11